Metallurgical failures in fossil fired boilers (Record no. 580611)

000 -LEADER
fixed length control field 00524nam a22001937a 4500
003 - CONTROL NUMBER IDENTIFIER
control field CEME
005 - DATE AND TIME OF LATEST TRANSACTION
control field 20210628205348.0
008 - FIXED-LENGTH DATA ELEMENTS--GENERAL INFORMATION
fixed length control field 210312b xxu||||| |||| 00| 0 eng d
020 ## - INTERNATIONAL STANDARD BOOK NUMBER
International Standard Book Number 0-471-55389-7
040 ## - CATALOGING SOURCE
Transcribing agency .
082 ## - DEWEY DECIMAL CLASSIFICATION NUMBER
Classification number 621.183 FRE'M
100 ## - MAIN ENTRY--PERSONAL NAME
Personal name French, David N
9 (RLIN) 75128
245 ## - TITLE STATEMENT
Title Metallurgical failures in fossil fired boilers
250 ## - EDITION STATEMENT
Edition statement 2ND
260 ## - PUBLICATION, DISTRIBUTION, ETC.
Place of publication, distribution, etc. NEWYORK
Name of publisher, distributor, etc. JOHN WILEY
Date of publication, distribution, etc. 1995
300 ## - PHYSICAL DESCRIPTION
Extent XIV, 514P
650 ## - SUBJECT ADDED ENTRY--TOPICAL TERM
Topical term or geographic name entry element STEAM BOILERS FAILURES METALS FRACTURES FRACTOGRAPHY
9 (RLIN) 75129
942 ## - ADDED ENTRY ELEMENTS (KOHA)
Koha item type Book
Source of classification or shelving scheme
Holdings
Withdrawn status Lost status Damaged status Not for loan Permanent Location Current Location Shelving location Date acquired Total Checkouts Full call number Barcode Date last seen Price effective from Koha item type
        College of Electrical & Mechanical Engineering (CEME) College of Electrical & Mechanical Engineering (CEME) General Stacks 05/15/2017   621.183 FRE'M CEME-31755 06/28/2021 06/28/2021 Book
© 2023 Central Library, National University of Sciences and Technology. All Rights Reserved.